El amor lo cambia todo / (Record no. 31172)

MARC details
000 -LEADER
fixed length control field 00564nam a22002177a 4500
001 - CONTROL NUMBER
control field sjds
003 - CONTROL NUMBER IDENTIFIER
control field sjds
005 - DATE AND TIME OF LATEST TRANSACTION
control field 20251118041141.0
008 - FIXED-LENGTH DATA ELEMENTS--GENERAL INFORMATION
fixed length control field 251118b |||||||| |||| 00| 0 spa d
020 ## - INTERNATIONAL STANDARD BOOK NUMBER
International Standard Book Number 9789500816311
020 ## - INTERNATIONAL STANDARD BOOK NUMBER
International Standard Book Number 9500816318
040 ## - CATALOGING SOURCE
Transcribing agency sjds
041 ## - LANGUAGE CODE
Language code of text/sound track or separate title spa
100 ## - MAIN ENTRY--PERSONAL NAME
Personal name Presser, ArLynn
245 ## - TITLE STATEMENT
Title El amor lo cambia todo /
Statement of responsibility, etc. ArLynn Presser
260 ## - PUBLICATION, DISTRIBUTION, ETC. (IMPRINT)
Place of publication, distribution, etc. Buenos Aires,
Name of publisher, distributor, etc. Editorial Atlantida,
Date of publication, distribution, etc. c1996
300 ## - PHYSICAL DESCRIPTION
Extent 159 pages ;
Dimensions 18 cm
440 ## - SERIES STATEMENT/ADDED ENTRY--TITLE
Title Coleccion,
Number of part/section of a work 16
500 ## - GENERAL NOTE
General note Translation of: Love changes everything
942 ## - ADDED ENTRY ELEMENTS (KOHA)
Koha item type Libro/Book
Holdings
Withdrawn status Lost status Damaged status Not for loan Home library Current library Shelving location Date acquired Total Checkouts Full call number Barcode Checked out Date last seen Date checked out Price effective from Koha item type
        San Juan Del Sur -- Biblioteca San Juan Del Sur -- Biblioteca Fiction 18/11/2025 1 F PRE 30023467 18/12/2025 11/12/2025 11/12/2025 18/11/2025 Libro/Book

Powered by Koha